000 01009am a2200301a 44500
003 AR-BaBNM
005 20251128211015.0
008 020613s1998 Arg|||||||||||000 | esp||
040 _cAR-BaBNM
110 1 _aLa Pampa
_bMinisterio de Cultura y Educación
_bSubsecretaría de Educación
245 1 0 _aMarco general de los diseños curriculares de los distintos niveles, regímenes y modalidades del sistema educativo pampeano
260 _aLa Pampa
_bMinisterio de Cultura y Educación
_c1998
300 _a66 p.
504 _aContiene referencias bibliográficas p. 63-66
650 4 _aCURRICULO
650 4 _aORGANIZACION DE LA EDUCACION
650 4 _aCARACTERISTICAS DEL ALUMNO
650 4 _aROL DEL DOCENTE
650 4 _aPAPEL DE LA ESCUELA
651 4 _aLa Pampa
653 _aSISTEMA EDUCATIVO
653 _aCONTENIDOS CURRICULARES
653 _aESTRATEGIAS DIDACTICAS
653 _aORGANIZACION CURRICULAR
653 _aINSTITUCIONES EDUCATIVAS
942 _cBK
998 _craquel
999 _c17857
_d17857